Statistics for Name the Year - US History #1

Click here to take the quiz!

General Stats

  • This quiz has been taken 34 times
  • The average score is 11 of 14

Answer Stats

HintAnswer% Correct
Declaration of Independence1776
100%
Bombing of Pearl Harbor1941
90%
Martin Luther King is Assassinated1968
90%
9/112001
90%
Wall Street Stock Market Crash1929
85%
US Lands on the Moon1969
85%
Watergate Scandal1972
85%
George Washington Elected1789
80%
Emancipation Proclamation1863
80%
New Deal1933
80%
Women Get the Right to Vote1920
75%
U.S. Buys the Louisiana Territory1803
70%
Spanish-American War1898
60%
Formation of the Republican Party1854
50%

Score Distribution

Percentile by Number Answered

Percent of People with Each Score

Your Score History

You have not taken this quiz